Моделирование процессов утечки жидкости в трубопроводе на основе законов гидродинамики; Современные проблемы математики и механики

Bibliografiske detaljer
Parent link:Современные проблемы математики и механики.— 2010.— С. 197-202
Hovedforfatter: Степанченко Т. Е. Татьяна Егоровна
Andre forfattere: Шкляр В. Н. Виктор Николаевич
Summary:В фонде НТБ ТПУ отсутствует
Sprog:russisk
Udgivet: 2010
Fag:
Format: Book Chapter
KOHA link:https://koha.lib.tpu.ru/cgi-bin/koha/opac-detail.pl?biblionumber=601574

MARC

LEADER 00000naa0a2200000 4500
001 601574
005 20250829144402.0
035 |a (RuTPU)RU\TPU\tpu\26489 
090 |a 601574 
100 |a 20150114d2010 k y0rusy50 ca 
101 0 |a rus 
102 |a RU 
200 1 |a Моделирование процессов утечки жидкости в трубопроводе на основе законов гидродинамики  |f Т. Е. Степанченко, В. Н. Шкляр 
333 |a В фонде НТБ ТПУ отсутствует 
463 1 |t Современные проблемы математики и механики  |o материалы Всероссийской молодежной научной конференции, 13-15 октября 2010 г., Томск  |v С. 197-202  |d 2010 
610 1 |a труды учёных ТПУ 
700 1 |a Степанченко  |b Т. Е.  |c специалист в области информатики и вычислительной техники  |c доцент Томского политехнического университета, кандидат технических наук  |f 1983-  |g Татьяна Егоровна  |3 (RuTPU)RU\TPU\pers\27767  |9 12828 
701 1 |a Шкляр  |b В. Н.  |c специалист в области систем управления  |c доцент Томского политехнического университета, кандидат технических наук  |f 1946-  |g Виктор Николаевич  |3 (RuTPU)RU\TPU\pers\26783 
801 1 |a RU  |b 63413507  |c 20150114 
942 |c BK